New Zealand official yearbook 1981

Saved in:
Bibliographic Details
Format: Book
Language:English
Published: Wellington Department of Statistics 1981
Tags: Add Tag
No Tags, Be the first to tag this record!

MARC

LEADER 00000nam a2200000 4500
001 c127586
005 20260327115808.5
041 0 |a eng 
044 |a NZ 
245 1 0 |a New Zealand official yearbook 1981 
264 1 |a Wellington  |b Department of Statistics  |c 1981 
300 |a 1040 s.